Komitaty Węgier - nagła śmierć - Statystyki

Ogólne statystyki
  • Ten quiz został rozwiązany 12 razy
  • Średni wynik to 7 z 20
Answers on the Grid
Answers color-coded by a green-red scale on the quiz's grid according to % correct below.
Bács-Kiskun
Baranya
Békés
Borsod-Abaúj-Zemplén
Budapeszt
Burgenland
Csongrád-Csanád
Debrecen
Dél-Szlovákia
Erdély
Észak-Magyarország
Észak-Vajdaság
Fehéroroszország
Fejér
Győr-Moson-Sopron
Hajdú-Bihar
Heves
Jász-Nagykun-Szolnok
Komárom-Esztergom
Lengyelország
Miskolc
Nógrád
Pest
Somogy
Szabolcs-Szatmár-Bereg
Szeged
Tolna
Vas
Veszprém
Zala
 
Statystyki odpowiedzi
Odpowiedź % Poprawnych
Budapeszt
80%
Csongrád-Csanád
50%
Békés
40%
Győr-Moson-Sopron
40%
Jász-Nagykun-Szolnok
40%
Komárom-Esztergom
40%
Pest
40%
Zala
40%
Bács-Kiskun
30%
Baranya
30%
Fejér
30%
Heves
30%
Nógrád
30%
Somogy
30%
Tolna
30%
Veszprém
30%
Borsod-Abaúj-Zemplén
20%
Hajdú-Bihar
20%
Szabolcs-Szatmár-Bereg
20%
Vas
10%
Nie znaleziono quizów pasujących do podanych kryteriów
Rozkład punktacji
Procent ludzi z każdym wynikiem
Percentyl według liczby udzielonych odpowiedzi
Twoja historia wyników
Nie rozwiązałeś tego quizu